Statistics for Peanuts Quiz

Click here to take the quiz!

General Stats

  • This quiz has been taken 51 times
  • The average score is 5 of 6

Answer Stats

Hint Answer % Correct
Before Snoopy's doghouse burnt down, which of these items did he NOT possess? a) pinking shears b) an original Van Gogh c) a marble statue d) collection of vinyl recordsc) a marble statue
98%
What colour is Linus's blanket?Blue
98%
For most of the time of the strip, how much did it cost to see Lucy the physciatrist?5c
80%
Who does Peppermint Patty sit in front in class?Marcie
74%
Where does Schroeder field in Chrllie Brown's baseball team?Catcher
59%
What is the constant fate of Charlie Brown's kites?Being eaten by trees
43%

Score Distribution

Percentile by Number Answered

Percent of People with Each Score

Your Score History

You have not taken this quiz